Bốn mươi năm nhớ lại trận 'Hà Nội - Điện Biên Phủ trên không'

Đầu trang sách ghi: Quân chủng Phòng không - Không quân; Cuốn sách gồm các hồi ký, bài viết của nhiều tác giả là những cán bộ, chiến sĩ Quân đội nhân dân Việt Nam, Quân chủng Phòng không - Không quân và những người đã trực tiếp chiến đấu...

Fuld beskrivelse

Đã lưu trong:
Bibliografiske detaljer
Hovedforfatter: Quân chủng phòng không - Không quân
Format: Bog
Sprog:Undetermined
Udgivet: Chính trị Quốc gia - Sự thật 2012
Fag:
Online adgang:http://lrc.tdmu.edu.vn/opac/search/detail.asp?aID=2&ID=20073
Tags: Tilføj Tag
Ingen Tags, Vær først til at tagge denne postø!
Thư viện lưu trữ: Trung tâm Học liệu Trường Đại học Thủ Dầu Một
LEADER 01361nam a2200181Ia 4500
001 TDMU_20073
008 210410s9999 xx 000 0 und d
082 |a 959.7043 
090 |b QU121 
100 |a Quân chủng phòng không - Không quân 
245 0 |a Bốn mươi năm nhớ lại trận 'Hà Nội - Điện Biên Phủ trên không' 
260 |b Chính trị Quốc gia - Sự thật 
260 |c 2012 
300 |a 487tr. 
520 |a Đầu trang sách ghi: Quân chủng Phòng không - Không quân; Cuốn sách gồm các hồi ký, bài viết của nhiều tác giả là những cán bộ, chiến sĩ Quân đội nhân dân Việt Nam, Quân chủng Phòng không - Không quân và những người đã trực tiếp chiến đấu, phục vụ chiến đấu trong 12 ngày đêm lịch sử cuối tháng 12 năm 1972 cùng những câu chuyện, hình ảnh và đánh giá, cổ vũ của bạn bè quốc tế. 
650 |a Chiến tranh Việt Nam  |x Trận địa trên không Mỹ  |y 1961-1975; Lịch sử Việt Nam  |x Điện Biên Phủ trên không 
856 |u http://lrc.tdmu.edu.vn/opac/search/detail.asp?aID=2&ID=20073 
980 |a Trung tâm Học liệu Trường Đại học Thủ Dầu Một